Las implicaciones del TLC Centroamérica con Estados Unidos sobre el recurso hídrico centroamericano /
Gardado en:
| Autor Principal: | |
|---|---|
| Formato: | Texto |
| Materias: | |
| Etiquetas: |
Engadir etiqueta
Sen Etiquetas, Sexa o primeiro en etiquetar este rexistro!
|
MARC
| LEADER | 00000 a a2200000 04500 | ||
|---|---|---|---|
| 001 | 13097 | ||
| 003 | |||
| 040 | |||
| 100 | |a Valerio De Ford, Federico | ||
| 245 | |a Las implicaciones del TLC Centroamérica con Estados Unidos sobre el recurso hídrico centroamericano / |c Federico Valerio De Ford | ||
| 650 | |a AGUA | ||
| 650 | |a RECURSOS HIDRICOS | ||
| 650 | |a TLC | ||
| 650 | |a AMERICA CENTRAL | ||
| 650 | |a ESTADOS UNIDOS | ||
| 773 | |g volumen 7, número 1; páginas 16-19 | ||
| 999 | |c 34409 |d 34409 | ||
